| 000 | 00712nam a2200217 a 4500 | ||
|---|---|---|---|
| 001 | 9984 | ||
| 003 | CO-ViMGA | ||
| 008 | 141112s2004 ck r 000 u spa d | ||
| 020 | _a9586431118 | ||
| 040 |
_aCO-ViMGA _bspa _cCO-ViMGA |
||
| 082 | 0 | 4 | _a923.586 N17al |
| 100 | 1 |
_aNariño ; Nariño, Hernandez de Alba Guillermo, _912326 |
|
| 245 | 1 | 0 | _aArchivo Nariño |
| 260 |
_aSantafé de Bogotá : _bBanco de la República, _c1990 |
||
| 300 | _a368p. | ||
| 490 | _aBiblioteca de la presidencia de la República Administración Virgilio Barco | ||
| 500 | _aTomo I, II, III, IV, V. | ||
| 650 | 1 | 4 |
_aCOLOMBIA - GUERRA DE INDEPENDENCIA 1809 - 1819 _912327 |
| 650 | 1 | 4 |
_aCOLOMBIA - HISTORIA _912328 |
| 942 |
_2ddc _cBK |
||
| 999 |
_c21361 _d21361 |
||